书目信息 |
| 题名: |
股权激励
|
|
| 作者: | 邱清荣 著 | |
| 分册: | ||
| 出版信息: | 北京 中国友谊出版公司 2020.05 |
|
| 页数: | 268页 | |
| 开本: | 24cm | |
| 丛书名: | ||
| 单 册: | ||
| 中图分类: | F272.923 | |
| 科图分类: | ||
| 主题词: | 股权激励--gu quan ji li--研究 | |
| 电子资源: | ||
| ISBN: | 978-7-5057-4854-5 | |
| 000 | 01217nam0 2200253 450 | |
| 001 | CAL 0120202984058 | |
| 005 | 20230217093113.0 | |
| 010 | @a978-7-5057-4854-5@b精装@dCNY58.00 | |
| 100 | @a20200618d2020 em y0chiy0120 ea | |
| 101 | 0 | @achi |
| 102 | @aCN@b110000 | |
| 105 | @aa z 000yy | |
| 106 | @ar | |
| 200 | 1 | @a股权激励@Agu quan ji li@e激发企业活力、打造高效团队的制胜法则@f邱清荣著 |
| 210 | @a北京@c中国友谊出版公司@d2020.05 | |
| 215 | @a268页@c图@d24cm | |
| 314 | @a邱清荣, 中国人民大学法律硕士, 北京至本管理咨询有限公司创始人、总经理、首席咨询师等职。 | |
| 330 | @a本书是一本讲述股权激励研究理论、实操与案例的经管图书。股权激励是打造魔力团队的核武器! 合伙人制是打造魔力团队的根本指南! 在我的工作过程中发现很多企业主对于股权激励和合伙人制存在很多认识上的误区和实践中的不足, 例如: 全员持股最好, 只要给员工股份就是股权激励, 实施股权激励就是实施合伙人制, 股权激励、合伙人制并不像别人说的那么管用。 | |
| 517 | 1 | @a激发企业活力、打造高效团队的制胜法则@Aji fa qi ye huo li 、 da zao gao xiao tuan dui de zhi sheng fa ze |
| 606 | 0 | @a股权激励@Agu quan ji li@x研究 |
| 690 | @aF272.923@v5 | |
| 701 | 0 | @a邱清荣@Aqiu qing rong@4著 |
| 801 | 0 | @aCN@bBJXHZP@c20230228 |
| 905 | @b1388014-7@dF272.923@e2018@f4 | |
| 股权激励:激发企业活力、打造高效团队的制胜法则/邱清荣著.-北京:中国友谊出版公司,2020.05 |
| 268页:图;24cm |
| ISBN 978-7-5057-4854-5(精装):CNY58.00 |
| 本书是一本讲述股权激励研究理论、实操与案例的经管图书。股权激励是打造魔力团队的核武器! 合伙人制是打造魔力团队的根本指南! 在我的工作过程中发现很多企业主对于股权激励和合伙人制存在很多认识上的误区和实践中的不足, 例如: 全员持股最好, 只要给员工股份就是股权激励, 实施股权激励就是实施合伙人制, 股权激励、合伙人制并不像别人说的那么管用。 |
| ● |
| 相关链接 |
|
|
|
|
正题名:股权激励
索取号:F272.923/2018
 
预约/预借
| 序号 | 登录号 | 条形码 | 馆藏地/架位号 | 状态 | 备注 |
| 1 | 1388014 | 213880148 | 第一样本阅览室/ [索取号:F272.923/2018] | 在馆 | |
| 2 | 1388015 | 213880157 | 第一借阅区/ [索取号:F272.923/2018] | 在馆 | |
| 3 | 1388016 | 213880166 | 第一借阅区/ [索取号:F272.923/2018] | 在馆 | |
| 4 | 1388017 | 213880175 | 第一借阅区/ [索取号:F272.923/2018] | 在馆 |